[Event "Michigan Action"]
[Site "Warren"]
[Date "2004.12.11"]
[Round "2"]
[White "Champney, Norm"]
[Black "Bailey, Gregory E"]
[Result "0-1"]
[WhiteElo "1610"]
[BlackElo "1900"]
[PlyCount "76"]
[EventDate "2004.12.11"]
[EventType "swiss"]
[EventRounds "5"]
[EventCountry "USA"]
[SourceTitle "EXT 2007"]
[Source "ChessBase"]
[SourceDate "2006.11.23"]
[SourceVersion "1"]
[SourceVersionDate "2006.11.23"]
[SourceQuality "1"]

1. d4 Nf6 2. Nf3 d5 3. Bg5 c5 4. e3 cxd4 5. Bb5+ Bd7 6. Bxd7+ Qxd7 7. Nxd4 Ne4 8. Bf4 Nc6 9. Nxc6 bxc6 10. 0-0 Qb7 11. b3 e6 12. Qd3 Be7 13. Be5 f6 14. Bb2 0-0 15. Nd2 f5 16. Nxe4 fxe4 17. Qe2 Bf6 18. Bxf6 Rxf6 19. c4 Raf8 20. cxd5 cxd5 21. Rac1 Qf7 22. Rc2 h6 23. Rfc1 g5 24. Rc7 Rxf2 25. Rxf7 Rxe2 26. Rxf8+ Kxf8 27. Rc8+ Kf7 28. Rc7+ Kf6 29. Rxa7 Rxe3 30. Rh7 Kg6 31. Re7 Kf5 32. Rf7+ Ke5 33. Kf2 Rc3 34. Ke1 Rc2 35. Rf2 Rc1+ 36. Kd2 Ra1 37. Kc3 d4+ 38. Kb2 e3 0-1